| 000 | 00531nam a2200193 a 4500 | ||
|---|---|---|---|
| 001 | 2221 | ||
| 005 | 20140414131851.0 | ||
| 008 | 001113s19uu xx 00 eng d | ||
| 020 | _a0-937934-00-3 | ||
| 050 |
_aM 591 _bW37 1986 |
||
| 100 | _aWexo, John Bonnett | ||
| 245 |
_aElephants: zoobooks / _cJohn Bonnet Wexo. |
||
| 260 |
_aSan Diego : _bWildlife Educational. |
||
| 300 | _a1 v. (unp.) ; col. : ill. ;cm. | ||
| 440 | _aZoobooks | ||
| 500 | _aJuly 1988 Volume Five Numver Ten | ||
| 650 | _aElephants. | ||
| 999 |
_c110177 _d110177 |
||